Normal view MARC view

Entry Personal Name

Number of records used in: 5

001 - CONTROL NUMBER

  • control field: 3568

003 - CONTROL NUMBER IDENTIFIER

  • control field: OSt

005 - DATE AND TIME OF LATEST TRANSACTION

  • control field: 20190319124124.0

008 - FIXED-LENGTH DATA ELEMENTS

  • fixed length control field: 190319|| aca||aabn | a|a d

040 ## - CATALOGING SOURCE

  • Original cataloging agency: OSt
  • Transcribing agency: OSt

100 ## - HEADING--PERSONAL NAME

  • Personal name: Karnataka. Directorate of Economics and Statistics

670 ## - SOURCE DATA FOUND

  • Source citation: Work cat.: (OSt): Karnataka. Directorate of Economics and Statistics, Karnataka - India basic statistics, 1997, 1997

Powered by Koha